000 00692nam a2200229Ii 4500
003 JO-AjNU
008 230605s9999||||xx |||||||||||||| ||und||
017 _a17/0472
020 _a9960-31-448-0
040 _aJO-AjNU
_bara
_erda
_cJO-AjNU
041 _aara
050 1 4 _aBP173.6.H39 1996
100 3 _aإلهي، فضل,
_eauthor
_949032
245 0 0 _aالحسبة: تعريفها ومشروعيتها ووجوبها
250 _aط6
264 3 1 _aالرياض: مكتبة الملك فهد الوطنية، 1996
300 _a95ص
336 _atext
_btxt
_2rdacontent
337 _aunmediated
_bn
_2rdamedia
338 _avolume
_bnc
_2rdacarrier
650 4 _aالحسبة
_949033
999 _aA21511
_c25079
_d25079